000 00288nam a2200097Ia 4500
001 639948
005 20250826153437.0
008 250824s9999 xx 000 0 und d
245 0 _aSEYAHATNAMEDEN SEÇMELER ANTİK OKUL KLASİKLERİ
_cEVLİYA ÇELEBİ
260 _bANTİK DÜNYA KLASİKLERİ
999 _c639948
_d639948